<?xml version="1.0" encoding="UTF-8"?>
<record
    xmlns:xsi="http://www.w3.org/2001/XMLSchema-instance"
    xsi:schemaLocation="http://www.loc.gov/MARC21/slim http://www.loc.gov/standards/marcxml/schema/MARC21slim.xsd"
    xmlns="http://www.loc.gov/MARC21/slim">

  <leader>01108nam a22002417a 4500</leader>
  <controlfield tag="003">OSt</controlfield>
  <controlfield tag="005">20191029062717.0</controlfield>
  <controlfield tag="008">180220b        xxu||||| |||| 00| 0 spa d</controlfield>
  <datafield tag="020" ind1=" " ind2=" ">
    <subfield code="a">9501410919</subfield>
  </datafield>
  <datafield tag="040" ind1=" " ind2=" ">
    <subfield code="c">PJ</subfield>
  </datafield>
  <datafield tag="100" ind1=" " ind2=" ">
    <subfield code="a">Salas, Acdeel Ernesto</subfield>
    <subfield code="9">2437</subfield>
  </datafield>
  <datafield tag="245" ind1="1" ind2="0">
    <subfield code="a">C&#xF3;digo Civil :</subfield>
    <subfield code="b">y leyes complementarias anotados /</subfield>
    <subfield code="c">Acdeel Ernesto Salas, F&#xE9;lix Trigo Represas, Marcelo L&#xF3;pez Mesa.</subfield>
  </datafield>
  <datafield tag="250" ind1=" " ind2=" ">
    <subfield code="a">2a. ed. act.</subfield>
  </datafield>
  <datafield tag="260" ind1=" " ind2=" ">
    <subfield code="a">Buenos Aires :</subfield>
    <subfield code="b">Depalma,</subfield>
    <subfield code="c">1992-1999.</subfield>
  </datafield>
  <datafield tag="300" ind1=" " ind2=" ">
    <subfield code="a">5 v. ;</subfield>
  </datafield>
  <datafield tag="505" ind1=" " ind2=" ">
    <subfield code="a">Contenido:
v. 1.: Tomo I. Art&#xED;culos 1 a 1136
v. 2: Tomo 2. Art&#xED;culos 1137 a 3261
v. 3: Tomo 3. Art&#xED;culos 3262 a 4051 y leyes complementarias; actualizaci&#xF3;n de jurisprudencia e &#xED;ndice alfab&#xE9;tico de materias
v. 4: Tomo 4. IV-A: Actualizaci&#xF3;n de los Art&#xED;culos 1 a 2310
v. 5: Tomo 5. IV-B: actualizaci&#xF3;n de los Art&#xED;culos 2311 a 4051</subfield>
  </datafield>
  <datafield tag="650" ind1=" " ind2="0">
    <subfield code="a">CODIGO CIVIL</subfield>
    <subfield code="9">2440</subfield>
  </datafield>
  <datafield tag="650" ind1=" " ind2="0">
    <subfield code="a">OBRA DE REFERENCIA</subfield>
    <subfield code="9">2443</subfield>
  </datafield>
  <datafield tag="700" ind1=" " ind2=" ">
    <subfield code="a">Trigo Represas, F&#xE9;lix Alberto</subfield>
    <subfield code="9">2438</subfield>
  </datafield>
  <datafield tag="700" ind1=" " ind2=" ">
    <subfield code="9">2439</subfield>
    <subfield code="a">L&#xF3;pez Mesa, Marcelo J.</subfield>
  </datafield>
  <datafield tag="700" ind1=" " ind2=" ">
    <subfield code="9">2441</subfield>
    <subfield code="a">Argentina. C&#xF3;digos</subfield>
  </datafield>
  <datafield tag="942" ind1=" " ind2=" ">
    <subfield code="2">udc</subfield>
    <subfield code="c">REF</subfield>
    <subfield code="h">347(094.4)</subfield>
    <subfield code="i">SAL</subfield>
  </datafield>
  <datafield tag="999" ind1=" " ind2=" ">
    <subfield code="c">1605</subfield>
    <subfield code="d">1605</subfield>
  </datafield>
  <datafield tag="952" ind1=" " ind2=" ">
    <subfield code="0">0</subfield>
    <subfield code="1">0</subfield>
    <subfield code="2">udc</subfield>
    <subfield code="4">0</subfield>
    <subfield code="7">0</subfield>
    <subfield code="a">DJS</subfield>
    <subfield code="b">DJS</subfield>
    <subfield code="d">2018-10-02</subfield>
    <subfield code="h">V. 1</subfield>
    <subfield code="o">347(094.4) SAL</subfield>
    <subfield code="p">0662</subfield>
    <subfield code="r">2018-10-02</subfield>
    <subfield code="w">2018-10-02</subfield>
    <subfield code="y">LIB</subfield>
  </datafield>
  <datafield tag="952" ind1=" " ind2=" ">
    <subfield code="0">0</subfield>
    <subfield code="1">0</subfield>
    <subfield code="2">udc</subfield>
    <subfield code="4">0</subfield>
    <subfield code="7">0</subfield>
    <subfield code="a">DJS</subfield>
    <subfield code="b">DJS</subfield>
    <subfield code="d">2018-10-02</subfield>
    <subfield code="h">V. 2</subfield>
    <subfield code="o">347(094.4) SAL</subfield>
    <subfield code="p">0679</subfield>
    <subfield code="r">2018-10-02</subfield>
    <subfield code="w">2018-10-02</subfield>
    <subfield code="y">LIB</subfield>
  </datafield>
  <datafield tag="952" ind1=" " ind2=" ">
    <subfield code="0">0</subfield>
    <subfield code="1">0</subfield>
    <subfield code="2">udc</subfield>
    <subfield code="4">0</subfield>
    <subfield code="7">0</subfield>
    <subfield code="a">DJS</subfield>
    <subfield code="b">DJS</subfield>
    <subfield code="d">2018-10-02</subfield>
    <subfield code="h">V. 3</subfield>
    <subfield code="o">347(094.4) SAL</subfield>
    <subfield code="p">0663</subfield>
    <subfield code="r">2018-10-02</subfield>
    <subfield code="w">2018-10-02</subfield>
    <subfield code="y">LIB</subfield>
  </datafield>
  <datafield tag="952" ind1=" " ind2=" ">
    <subfield code="0">0</subfield>
    <subfield code="1">0</subfield>
    <subfield code="2">udc</subfield>
    <subfield code="4">0</subfield>
    <subfield code="7">0</subfield>
    <subfield code="a">DJS</subfield>
    <subfield code="b">DJS</subfield>
    <subfield code="d">2018-10-02</subfield>
    <subfield code="h">V. 4</subfield>
    <subfield code="o">347(094.4) SAL</subfield>
    <subfield code="p">6277</subfield>
    <subfield code="r">2018-10-02</subfield>
    <subfield code="w">2018-10-02</subfield>
    <subfield code="y">LIB</subfield>
  </datafield>
</record>
